Дело о рассылке в учебные заведения Министерства народного просвещения изданного профессором Медлером описания ожидаемого в 1851...

Доступно только в Электронных читальных залах Найти на картеНа карте
RUSMARC
00003656nmc2a22002413x 450
001a52e90c6-4a84-4bed-bc0c-2b5f792566b8
00520251024053705.0
100##$a20250506l18501851k l0rusy0189 ca
1010#$arus
102##$aRU
105##$ay###
1222#$ad
2001#$aДело о рассылке в учебные заведения Министерства народного просвещения изданного профессором Медлером описания ожидаемого в 1851 году полного солнечного затмения
$j18 ноября 1850 г. - 10 мая 1851 г.
215##$a14 л.
$d36,5х26 см
251##$cДело
300##$aНа обложке указано: "№84"
371##$aДокумент не является опубликованным и широко распространяемым
461#0$10012b5b8419-5ce4-4d16-a7a3-85720a295f1f
$12001
$aКанцелярия министра народного просвещения
$1251
$cФонд
$1852
$j735
462#0$1001562cc287-b13c-4f02-8029-f81535ba1e2e
$12001
$aКанцелярия министра народного просвещения
$1251
$cОпись
$1852
$j2
801#0$aRU
$bРГИА
$c20250506
$gRCR
801#1$aRU
$bГлавНИВЦ
$c20250506
$2rusmarc
801#2$aRU
$bПБ им. Б.Н. Ельцина
$c20251024
$gRCR
$2rusmarc
850##$aРГИА
852##$aРГИА
$eФедеральное казенное учреждение "Российский государственный исторический архив" (РГИА)
$j808
937##$hРГИА
$d12421727
$aASBIBLIO_SCAN
035##$aRusGRCC00085797
856##$uhttp://readingroom.main.prlib.ru/item.aspx?id_node=n198654894&mode=full
Формат отображения